Salam dari Amira
| Format: | Book |
|---|---|
| Published: |
Kuala Lumpur :
DBP ,
1993
|
| Subjects: |
MARC
| LEADER | 00000cam a2200000 7i4500 | ||
|---|---|---|---|
| 001 | 0000006370 | ||
| 002 | 000006878 | ||
| 005 | 20000330.0 | ||
| 020 | |a 9836234888 | ||
| 090 | 0 | 0 | |a F |b SAL |
| 245 | 0 | 0 | |a Salam dari Amira |c diselenggarakan oleh Khalid Sanip dan Mazlan Sanip |
| 260 | |a Kuala Lumpur : |b DBP , |c 1993 | ||
| 300 | |a 259p. ; |c 19cm. | ||
| 650 | 0 | 0 | |a Short stories, Malay |
| 999 | |a 039435 |b BUKU |c FICTION |e PERPUSTAKAAN KOMUNITI PETALING JAYA | ||
| 999 | |a 039436 |b BUKU |c PINJAMAN |e PERPUSTAKAAN KOMUNITI PETALING JAYA | ||